Banco Nacional de Angola 60 anos de Edificação (Record no. 2369)
[ view plain ]
| 000 -Etiqueta do registo | |
|---|---|
| Campo de controlo de comprimento fixo | 00363 a2200145 4500 |
| 020 ## - ISBN (NÚMERO DE LIVRO PADRÃO INTERNACIONAL) | |
| ISBN | 978-989-658-235-7 |
| 040 ## - Fonte de Catalogação | |
| Agência de catalogação | Biblioteca de Posgraduação- Universidade Lusíada de Angola |
| 082 ## - DEWEY DECIMAL CLASSIFICATION NUMBER | |
| Número de classificação | 72 |
| Classificador- CDU | 72 |
| 100 ## - Nome Pessoal | |
| 9 (RLIN) | 1196 |
| Autor | FIALHO,Filomeno |
| 245 ## - Declaração de Título | |
| Título | Banco Nacional de Angola 60 anos de Edificaȯ̂ |
| 260 ## - Publicação e Destribuíção | |
| Local de edição/distribuição | Lisboa , |
| Editor/distribuidor | Caleidoscopio |
| Data de edição/distribuição | 2012. |
| 300 ## - Descrição Física | |
| Nº Pág. | 180p |
| 650 ## - MATERIA | |
| MATERIA | Arquitectura |
| 942 ## - - Elementos de entrada adicionados (koha) | |
| Tipo de documento | Livros |
| Withdrawn status | Lost status | Source of classification or shelving scheme | Damaged status | Not for loan | Permanent Location | Current Location | Date acquired | Inventory number | Total Checkouts | Full call number | Barcode | Date last seen | Price effective from | Koha item type |
|---|---|---|---|---|---|---|---|---|---|---|---|---|---|---|
| Dewey Decimal Classification | Biblioteca Geral- Universidade Lusíada de Angola | Biblioteca Geral- Universidade Lusíada de Angola | 01/07/2026 | 14(1) | 72 | 2026-0224 | 01/07/2026 | 01/07/2026 | Livros |
